iCuidado con los plaguicidas! /

El cuaderno popular busca responder a la necesidad de polemizar en torno a una de las mayores problemáticas derivadas de la producción bananera: el uso de agroquímicos, el efecto de estos y sus implicaciones además de algunas formas de prevención ante su uso, en síntesis se pretende a través de la...

وصف كامل

محفوظ في:
التفاصيل البيبلوغرافية
المؤلف الرئيسي: Jiménez Céspedes, Norman
مؤلفون آخرون: Hermosilla, Hernán, Rojas, Alvaro
التنسيق: غير معروف
اللغة:Spanish
منشور في: Costa Rica : ASEPROLA ; ASOTRAMA ; Coordinadora de Sindicatos Bananeros de Costa Rica
الموضوعات:
الوسوم: إضافة وسم
لا توجد وسوم, كن أول من يضع وسما على هذه التسجيلة!

MARC

LEADER 00000 a2200000 04500
001 44531
003
008 050617s1995 cr spa d
040
020 |a 9977-9966-6-0  
022 |a 9977-9966-6-0  
090 |a 1001 J61c  
100 |a Jiménez Céspedes, Norman  
245 |a iCuidado con los plaguicidas! /   |c Jorge Jiménez, Hernán Hermosilla, Alvaro Rojas  
260 |a Costa Rica :   |b ASEPROLA ; ASOTRAMA ; Coordinadora de Sindicatos Bananeros de Costa Rica  
300 |a 34 páginas :   |b ilustraciones  
520 |a El cuaderno popular busca responder a la necesidad de polemizar en torno a una de las mayores problemáticas derivadas de la producción bananera: el uso de agroquímicos, el efecto de estos y sus implicaciones además de algunas formas de prevención ante su uso, en síntesis se pretende a través de la educación y capacitación dar un acercamiento a la temática.  
590 |a MVM/JULIO2013  
650 |a BANANOS  
650 |2 LISTADO CIDCACS   |a PLAGUICIDAS  
650 |a DERECHOS EDUCACION  
650 |a TRABAJADORES AGRICOLAS.  
700 |a Hermosilla, Hernán  
700 |a Rojas, Alvaro  
999 |c 11375  |d 11375